000 01609cas a2200409 a 4500
999 _c7958
_d7958
001 991050354269706706
003 OSt
005 20250128101315.0
008 990426d19261928spc | p|| ||| 0 b|spa
035 _a(ES-BaCBU).b23258378
040 _aES-BaBC
_bcat
_cCDMR
041 _aspa
_bcat
043 _ae-sp---
_be-spc--
_2catmarc
080 _a070(467.1))(091)(05)
080 _a061.231:070(467.1)(05)
245 0 0 _aBoletín de la Federación de la Prensa Catalano-Balear
260 _aBarcelona :
_bla Federación,
_c1926-1928
_e([s.l. :
_fs.n.])
300 _a3 núm. ;
_c25 cm
310 _aIrregular
362 0 _a[No. 1] (jul. 1926)-no. 3 (sept. 1928)
500 _aCapçalera tipogràfica
505 8 _aNúmeros monogràfics
510 3 _aTorrent/Tasis I-700
515 _aEl primer número sense designació numèrica
546 _aAlgun text en català
580 _aContinuada per: Butlletí de la Federació de la Premsa Catalano-Balear
650 7 _aPremsa
_zCatalunya
_xHistòria
_xRevistes.
_2lemac
710 2 _aFederación de la Prensa Catalano-Balear
752 _aCatalunya
_bBarcelona (Província)
_cBarcelonès
_dBarcelona
785 0 0 _tButlletí de la Federació de la Premsa Catalano-Balear
856 _uhttps://arca.bnc.cat/arcabib_pro/ca/consulta/registro.do?id=2803
_zAccés lliure (ARCA)
907 _a.b23258378
_b15-02-21
_c07-05-08
_d07-05-08
_es
_fb
_g-
_hcat
_ispc
_j0
_k1
908 _aBC
_aAHCB
_aAHS
940 _aBC
942 _2udc
_cRES
949 _a1003021248
_bD3 938/4
_c1
_d0
_e0
_f02.07.13
_g1
_h1926
_k1300
_m02.08.13
_n02.08.13
_o0
_pFons: Hemeroteca Arxiu Turull